Spell the Marvel Character #74 - Statistics

General Stats
  • This quiz has been taken 38 times
  • The average score is 7 of 10
Answer Stats
Picture Answer % Correct
Winter Soldier
100%
Invisible Woman
83%
Rogue
79%
Echo
75%
Lockjaw
75%
Nick Fury
75%
Outlaw
63%
Wolverine
63%
Energizer
58%
Venus
33%
No matching quizzes found
Score Distribution
Percent of People with Each Score
Percentile by Number Answered
Your Score History
You have not taken this quiz